000 00785nam a2200265 i 4500
001 bg
100 1 _aFEDOROWICZ, Zdzisław
_d(1922-2007).
245 1 0 _aPodstawy teorii finansów /
_cZdzisław Fedorowicz.
250 _aWyd. 2.
260 _aWarszawa :
_b"Poltext",
_c1992.
300 _a168 s. :
_bwykr. ;
_c20 cm.
490 1 _aStudia Finansowo-Bankowe / Szkoła Główna Handlowa
504 _aBibliogr. s. 168.
650 9 _aFinanse
655 _aPodręczniki akademickie
710 _aSZKOŁA GŁÓWNA HANDLOWA (Warszawa)
830 0 _aStudia Finansowo-Bankowe (Szkoła Główna Handlowa)
020 _a838536613X
040 _cBPK
041 0 _apol
080 _a336(075.8)
920 _a83-85366-13-X
942 _cKS
008 s pl f |000 0 pol
999 _c5666
_d5666
856 _uhttp://koha.tu.koszalin.pl/cgi-bin/koha/opac-detail.pl?biblionumber=5666
_yKatalog online BPK